Príspevok na športovú činnosť dieťaťa ako povinný príspevok

Rozsah a podmienky, za akých je zamestnávateľ povinný poskytnúť na žiadosť zamestnanca príspevok na športovú činnosť jeho dieťaťa.

Uložené v:
Podrobná bibliografia
Hlavný autor: Matlovičová, Iveta
Médium: Kapitola
Jazyk:Slovak
Predmet:
Tagy: Pridať tag
Žiadne tagy, Buďte prvý, kto otaguje tento záznam!

MARC

LEADER 00000naa a2200000 4500
001 0307544
005 20250307122639.3
041 0 |a slo 
044 |a SK 
245 1 0 |a Príspevok na športovú činnosť dieťaťa ako povinný príspevok  |c Iveta Matlovičová 
520 |a Rozsah a podmienky, za akých je zamestnávateľ povinný poskytnúť na žiadosť zamestnanca príspevok na športovú činnosť jeho dieťaťa. 
610 2 0 |a zamestnanci 
610 2 0 |a deti 
610 2 0 |a šport 
610 2 0 |a povinnosti zamestnávateľov 
610 2 0 |a zákonník práce 
100 1 |a Matlovičová, Iveta